Statistics for Ariana Grande "Tattooed Heart" lyrics

Click here to take the quiz!

General Stats

  • This quiz has been taken 142 times
  • The average score is 160 of 187

Answer Stats

HintAnswer% Correct
a
98%
I
98%
ChorusTattooed
95%
tattooed
95%
Verse 1 | Verse 3You
95%
you
95%
heart
94%
to
94%
To
94%
your
93%
have
92%
don't
91%
the
91%
need
89%
of
89%
is
88%
my
88%
no
88%
No
88%
all
87%
All
87%
me
87%
on
87%
it
86%
as
85%
be
85%
lot
85%
money
85%
I'm
84%
just
84%
Just
84%
Like
84%
And
83%
games
83%
in
83%
it's
83%
long
83%
lovin'
83%
play
83%
oh
82%
say
81%
doesn't
80%
forever
80%
name
80%
baby
79%
veins
79%
wanna
79%
1954
78%
blood
78%
get
78%
through
78%
kiss
77%
rushing
77%
we're
76%
going
75%
moonlight
75%
BridgeWrap
75%
steady
74%
underneath
74%
jacket
73%
let
73%
want
72%
yeah
71%
about
69%
lines
69%
so
69%
trace
69%
worry
69%
making
68%
bed
67%
'Cause
67%
'cause
67%
crazy
67%
how
67%
show
67%
I'll
66%
lay
66%
much
66%
way
66%
past
65%
that
65%
got
64%
if
63%
call
60%
Darling
59%
Honey
54%

Score Distribution

Percentile by Number Answered

Percent of People with Each Score

Your Score History

You have not taken this quiz